| 000 | 00000nam 2200000zi 4500 |
| 001 | 9.928653 |
| 003 | CaOODSP |
| 005 | 20240703102707 |
| 006 | m o d f |
| 007 | cr |n||||||||| |
| 008 | 231012s2022 onc o f|0| 0 eng d |
| 040 | |aCaOODSP|beng|erda|cCaOODSP |
| 043 | |an-cn--- |
| 086 | 1 |aA104-404/2022E-PDF |
| 245 | 04|aThe path to revoking a primary control zone. |
| 264 | 1|a[Ottawa] : |bCanadian Food Inspection Agency = Agence canadienne d'inspection des aliments, |c[2022] |
| 300 | |a1 online resource (1 page) |
| 336 | |atext|btxt|2rdacontent |
| 337 | |acomputer|bc|2rdamedia |
| 338 | |aonline resource|bcr|2rdacarrier |
| 500 | |aIssued also in French under title: Vers la révocation d’une zone de contrôle primaire. |
| 500 | |aCaption title. |
| 650 | 0|aAvian influenza|zCanada|xPrevention. |
| 650 | 0|aDisinfection and disinfectants|xIndustrial applications. |
| 710 | 2 |aCanadian Food Inspection Agency, |eissuing body. |
| 775 | 08|tVers la révocation d'une zone de contrôle primaire.|w(CaOODSP)9.928656 |
| 856 | 40|qPDF|s210 KB|uhttps://publications.gc.ca/collections/collection_2023/acia-cfia/A104-404-2022-eng.pdf |
| 856 | 41|qHTML|sN/A|uhttps://inspection.canada.ca/animal-health/terrestrial-animals/diseases/reportable/avian-influenza/the-path-to-revoking-a-primary-control-zone/eng/1654648457092/1654648457435 |